Del amor imperfecto / (Record no. 93593)

MARC details
000 -LEADER
campo de control de longitud fija 00785nam a2200241 i 4500
001 - NÚMERO DE CONTROL
campo de control 93593
003 - IDENTIFICADOR DE NÚMERO DE CONTROL
campo de control ES-MaACL
005 - FECHA Y HORA DE LA ÚLTIMA TRANSACCIÓN
campo de control 20250829062531.0
007 - CAMPO FIJO DE DESCRIPCIÓN FÍSICA--INFORMACIÓN GENERAL
campo de control de longitud fija t|
008 - DATOS DE LONGITUD FIJA--INFORMACIÓN GENERAL
campo de control de longitud fija 050414s1987 sp ||||1| spa d
020 ## - NÚMERO INTERNACIONAL ESTÁNDAR DEL LIBRO
Número Internacional Estándar del Libro 505-6897-8
100 1# - ENTRADA PRINCIPAL--NOMBRE DE PERSONA
Nombre de persona López, Elsa,
Fechas asociadas al nombre 1943-
9 (RLIN) 73324
245 10 - MENCIÓN DEL TÍTULO
Título Del amor imperfecto /
Mención de responsabilidad, etc. Elsa López.
250 ## - MENCION DE EDICION
Mención de edición 1ª ed.
260 ## - PUBLICACIÓN, DISTRIBUCIÓN, ETC.
Lugar de publicación, distribución, etc. Melilla :
Nombre del editor, distribuidor, etc. Ayuntamiento: Universidad Nacional de Educación a Distancia,
Fecha de publicación, distribución, etc. 1987.
300 ## - DESCRIPCIÓN FÍSICA
Extensión 83 p. ;
Dimensiones 20 cm.
490 1# - MENCIÓN DE SERIE
Mención de serie Rusadir ;
Designación de volumen o secuencia 15
710 1# - ENTRADA AGREGADA--NOMBRE DE ENTIDAD CORPORATIVA
Nombre de entidad corporativa o nombre de jurisdicción como elemento de entrada Melilla.
Unidad subordinada Ayuntamiento.
9 (RLIN) 5680
710 2# - ENTRADA AGREGADA--NOMBRE DE ENTIDAD CORPORATIVA
Nombre de entidad corporativa o nombre de jurisdicción como elemento de entrada Universidad Nacional de Educación a Distancia (España)
9 (RLIN) 7405
830 0# - PUNTO DE ACCESO ADICIONAL DE SERIE-TÍTULO UNIFORME
Título uniforme Rusadir ;
Designación de volumen o secuencia 15
9 (RLIN) 180773
852 ## - LOCALIZACIÓN
Ubicación ES-MaACL
Número de control de estantería 2140-F-3
Sublocalización o colección R.115017
condición física . - Ded. autógr. de la autora
Holdings
Estatus retirado Estado de pérdida Fuente del sistema de clasificación o colocación Estado de daño No para préstamo Colección Biblioteca de origen Biblioteca actual Ubicación en estantería Fecha de adquisición Total de préstamos Signatura topográfica completa Código de barras Visto por última vez Precio de reemplazo Tipo de ítem Koha Nota pública
    Clasificación decimal universal     Colección de folletos Biblioteca del Ateneo de Madrid Biblioteca del Ateneo de Madrid Depósito folletos 17/01/2008   2140-F-3 1097736 23/02/2023 23/02/2023 Folleto Dedicatoria autógrafa del autor